000 00720nam a2200241Ia 4500
999 _c42490
_d42490
003 GCL
005 20240530103803.0
008 140319s9999 xx 000 0 ara d
040 _aGCL /
_cGCL
082 0 4 _a191
_bز ف
100 1 _aزكريا ابراهيم
245 1 0 _aفلسفة الفن فى الفكر المعاصر /
_cزكريا ابراهيم
250 _aالاولى
260 _aالقاهرة :
_bدار مصر للطباعة ،
_c1966
300 _a350ص ؛
_c24سم
490 _aدراسات جمالية
_v1
650 0 4 _aالفلسفة
650 0 4 _aالاخلاق
650 0 4 _aجان بول سارتر
650 0 4 _aهيدجر
650 0 4 _aالجمال - علم
942 _2ddc
_cBK